The fundamentals of taxation (Record no. 3734)

MARC details
000 -LEADER
fixed length control field 00600nam a22002177i 4500
003 - CONTROL NUMBER IDENTIFIER
control field URS
005 - DATE AND TIME OF LATEST TRANSACTION
control field 20221109131256.0
020 ## - INTERNATIONAL STANDARD BOOK NUMBER
International Standard Book Number 9712329690
040 ## - CATALOGING SOURCE
Transcribing agency urs
050 14 - LIBRARY OF CONGRESS CALL NUMBER
Classification number KF 5624.6 D45 2000
100 1# - MAIN ENTRY--PERSONAL NAME
Personal name De Leon, Hector S.
245 ## - TITLE STATEMENT
Title The fundamentals of taxation
Statement of responsibility, etc. Hector S. De Leon
250 ## - EDITION STATEMENT
Edition statement 13th edition
264 #1 - PRODUCTION, PUBLICATION, DISTRIBUTION, MANUFACTURE, AND COPYRIGHT NOTICE
Place of production, publication, distribution, manufacture Manila:
Name of producer, publisher, distributor, manufacturer Rex Book Store
Date of production, publication, distribution, manufacture, or copyright notice 2000.
300 ## - PHYSICAL DESCRIPTION
Extent xxv, 338 pages;
Dimensions 22 cm.
336 ## - CONTENT TYPE
Content type term text
Content type code txt
Source rdacontent
337 ## - MEDIA TYPE
Media type term unmediated
Media type code n
Source rdamedia
338 ## - CARRIER TYPE
Carrier type term volume
Carrier type code nc
Source rdacarrier
650 #0 - SUBJECT ADDED ENTRY--TOPICAL TERM
Topical term or geographic name entry element Taxation
9 (RLIN) 2917
Form subdivision Law and legislation
Geographic subdivision Philippines
942 ## - ADDED ENTRY ELEMENTS (KOHA)
Koha item type Filipiniana
Source of classification or shelving scheme Library of Congress Classification
Holdings
Withdrawn status Source of classification or shelving scheme Damaged status Not for loan Collection code Home library Current library Shelving location Date acquired Total Checkouts Full call number Barcode Date last seen Price effective from Koha item type
  Library of Congress Classification     Non-fiction Binangonan College Library Binangonan College Library Filipiniana Section 06/07/2023   KF 5624.6 D45 2000 URSBIN-366 02/16/2016 09/11/2019 Filipiniana
  Library of Congress Classification     Non-fiction Binangonan College Library Binangonan College Library Filipiniana Section 06/07/2023   KF 5624.6 D45 2000 URSBIN-367 05/04/2016 05/04/2016 Filipiniana
  Library of Congress Classification     Non-fiction Binangonan College Library Binangonan College Library Filipiniana Section 06/07/2023   HJ 203 D278 2000 URSBIN-368 05/04/2016 05/04/2016 Filipiniana
  Library of Congress Classification     Non-fiction Binangonan College Library Binangonan College Library Filipiniana Section 06/07/2023   HJ 203 D278 2000 URSBIN-369 07/10/2016 07/10/2016 Filipiniana
  Library of Congress Classification     Non-fiction Binangonan College Library Binangonan College Library Filipiniana Section 06/07/2023   KF 5624.6 D45 2000 URSBIN-370 07/10/2016 07/10/2016 Filipiniana
  Library of Congress Classification     Non-fiction Binangonan College Library Binangonan College Library Filipiniana Section 06/07/2023   KF 5624.6 D45 2000 URSBIN-371 07/10/2016 07/10/2016 Filipiniana

University of Rizal System
Email us at univlibservices@urs.edu.ph

Visit our Website www.urs.edu.ph/library